000 00645nam a2200205Ia 4500
001 9915
003 GE_BSU
008 181216s||||||||xx |||||||||||||| ||und||
040 _cGE_BSU
245 _aХимия и жизнь-XXI век.№4 2014
245 _bЕжемесячный Научно-популярный журнал.
245 _cГл.ред.Л.Н.Стрельникова
260 _aМосква
260 _bХимия и жизнь
260 _c2014
300 _a64стр.28см.
653 _aЕжемесячный Научно-популярный журнал
653 _aХимия и жизнь
942 _cCR
999 _c43191
_d43191